Eurovision Song Contest (ESC) Gewinner - Statistiken

Allgemein
  • Dieses Quiz wurde 4.042 mal gespielt
    434 seit der letzten Aktualisierung
  • Das Durchschnittsergebnis liegt bei 17 aus 28
Antwortstatistiken
Sieger des Jahres Land % Korrekt
1982 / 2010 Deutschland
93%
2026 Bulgarien
91%
1974 / 1984 / 1991 / 1999 / 2012 / 2015 / 2023 Schweden
89%
1956 / 1988 / 2024 Schweiz
89%
1966 / 2014 / 2025 Österreich
88%
1964 / 1990 / 2021 Italien
78%
2004 / 2016 / 2022 Ukraine
75%
1957 / 1959 / 1969 / 1975 / 2019 Niederlande
72%
1985 / 1995 / 2009 Norwegen
71%
1970 / 1980 / 1987 / 1992 / 1993 / 1994 / 1996 Irland
70%
1958 / 1960 / 1962 / 1969 / 1977 Frankreich
66%
1967 / 1969 / 1976 / 1981 / 1997 Vereinigtes Königreich
64%
2006 Finnland
63%
1978 / 1979 / 1998 / 2018 Israel
62%
1963 / 2000 / 2013 Dänemark
60%
2017 Portugal
60%
1968 / 1969 Spanien
60%
1961 / 1965 / 1972 / 1973 / 1983 Luxemburg
52%
2011 Aserbaidschan
48%
1986 Belgien
47%
2005 Griechenland
47%
2008 Russland
47%
2007 Serbien
40%
2001 Estland
39%
2003 Türkei
38%
2002 Lettland
37%
1989 Jugoslawien
29%
1971 Monaco
28%
Keine übereinstimmenden Quizze gefunden
Verteilung der Resultate
Anzahl Personen mit jedem Resultat
Perzentil nach korrekt beantworteten Fragen
Ihre Resultats-Entwicklung
Sie haben dieses Quiz seit der letzten Aktualisierung nicht gespielt